[Event "DVM U10 2017"]
[Site "Magdeburg GER"]
[Date "2017.12.28"]
[Round "4"]
[White "Wähler, Joris"]
[Black "Dorendorf, Mika"]
[Result "1/2-1/2"]
[Termination "normal"]
[Board "4.4"]
[WhiteElo "1049"]
[BlackElo "1119"]
[WhiteClock "00:18:36"]
[BlackClock "00:42:38"]
[WhiteTeam "SV Roter Turm Halle 1"]
[BlackTeam "Hamburger SK 1"]
[PlyCount "92"]
[WhiteFideId "16299388"]
[BlackFideId "16283066"]
[EventCountry "GER"]
[EventRounds "7"]
[EventType "team-swiss"]
[EventDate "2017.12.27"]

1. e4 {[%clk 0:59:59]} c5 {[%clk 0:59:51]} 2. Nf3 {[%clk 0:59:54]} Nc6 {[%clk
0:59:43]} 3. Bc4 {[%clk 0:59:47]} g6 {[%clk 0:59:23]} 4. Nc3 {[%clk 0:59:27]}
Bg7 {[%clk 0:59:14]} 5. Ne2 {[%clk 0:58:57]} e6 {[%clk 0:59:00]} 6. Ng3 {[%clk
0:58:37]} Nge7 {[%clk 0:58:53]} 7. c3 {[%clk 0:58:11]} a6 {[%clk 0:58:43]} 8.
d4 {[%clk 0:57:51]} cxd4 {[%clk 0:58:16]} 9. cxd4 {[%clk 0:57:43]} b5 {[%clk
0:57:59]} 10. Bb3 {[%clk 0:57:21]} O-O {[%clk 0:57:27]} 11. O-O {[%clk
0:56:21]} d5 {[%clk 0:56:44]} 12. exd5 {[%clk 0:55:17]} exd5 {[%clk 0:56:25]}
13. Re1 {[%clk 0:54:07]} Bg4 {[%clk 0:55:50]} 14. Be3 {[%clk 0:51:15]} Bxf3
{[%clk 0:55:23]} 15. Qxf3 {[%clk 0:50:38]} Nxd4 {[%clk 0:55:14]} 16. Bxd4
{[%clk 0:50:03]} Bxd4 {[%clk 0:55:08]} 17. Rab1 {[%clk 0:47:44]} Ba7 {[%clk
0:54:31]} 18. Red1 {[%clk 0:46:58]} d4 {[%clk 0:54:02]} 19. Ne2 {[%clk
0:45:23]} Nf5 {[%clk 0:53:32]} 20. Bc2 {[%clk 0:43:07]} Ne7 {[%clk 0:52:00]}
21. Be4 {[%clk 0:41:52]} Rb8 {[%clk 0:51:28]} 22. Rd3 {[%clk 0:39:20]} Qd6
{[%clk 0:51:10]} 23. Rbd1 {[%clk 0:38:32]} Rfd8 {[%clk 0:51:02]} 24. Nxd4
{[%clk 0:37:18]} Bxd4 {[%clk 0:50:20]} 25. Rxd4 {[%clk 0:37:08]} Qxd4 {[%clk
0:50:18]} 26. Rxd4 {[%clk 0:36:38]} Rxd4 {[%clk 0:50:13]} 27. h3 {[%clk
0:36:13]} Rbd8 {[%clk 0:49:51]} 28. Bb7 {[%clk 0:33:46]} a5 {[%clk 0:49:15]}
29. Qa3 {[%clk 0:33:10]} Ra4 {[%clk 0:48:44]} 30. Qxe7 {[%clk 0:32:35]} Rad4
{[%clk 0:48:20]} 31. Qe5 {[%clk 0:31:52]} Rb4 {[%clk 0:47:43]} 32. Qc7 {[%clk
0:31:03]} Rd1+ {[%clk 0:47:16]} 33. Kh2 {[%clk 0:30:55]} a4 {[%clk 0:46:59]}
34. Qc8+ {[%clk 0:30:43]} Kg7 {[%clk 0:46:47]} 35. Qc3+ {[%clk 0:30:36]} Rbd4
{[%clk 0:46:39]} 36. Qc5 {[%clk 0:29:17]} b4 {[%clk 0:46:16]} 37. Bc6 {[%clk
0:28:19]} b3 {[%clk 0:45:51]} 38. axb3 {[%clk 0:27:34]} axb3 {[%clk 0:45:41]}
39. Be8 {[%clk 0:26:53]} Re4 {[%clk 0:44:59]} 40. Qb5 {[%clk 0:24:37]} Rd2
{[%clk 0:44:40]} 41. Qxb3 {[%clk 0:24:01]} Rxf2 {[%clk 0:44:09]} 42. Qc3+
{[%clk 0:23:26]} Kg8 {[%clk 0:43:40]} 43. Qc8 {[%clk 0:22:25]} Kg7 {[%clk
0:43:22]} 44. b4 {[%clk 0:21:41]} Ree2 {[%clk 0:43:03]} 45. Qc3+ {[%clk
0:20:11]} Kg8 {[%clk 0:42:48]} 46. Bd7 {[%clk 0:18:36]} Rxg2+ {[%clk 0:42:38]}
1/2-1/2

[Event "DVM U10 2017"]
[Site "Magdeburg GER"]
[Date "2017.12.28"]
[Round "5"]
[White "Hänselmann, Hendrik"]
[Black "Klühs, Gustaf"]
[Result "1-0"]
[Termination "normal"]
[Board "1.1"]
[WhiteElo "1665"]
[BlackElo "1763"]
[WhiteClock "00:06:21"]
[BlackClock "00:06:14"]
[WhiteTeam "Karlsruher SF 1"]
[BlackTeam "SC Borussia 1920 Friedrichsfelde"]
[PlyCount "101"]
[WhiteFideId "16232755"]
[BlackFideId "16228936"]
[EventCountry "GER"]
[EventRounds "7"]
[EventType "team-swiss"]
[EventDate "2017.12.27"]

1. e4 {[%clk 0:59:59]} e6 {[%clk 0:59:56]} 2. d4 {[%clk 0:59:55]} d5 {[%clk
0:59:52]} 3. exd5 {[%clk 0:59:51]} exd5 {[%clk 0:59:48]} 4. Nf3 {[%clk
0:59:47]} Bd6 {[%clk 0:59:45]} 5. Bd3 {[%clk 0:59:31]} Nc6 {[%clk 0:59:41]} 6.
O-O {[%clk 0:59:03]} Nge7 {[%clk 0:59:35]} 7. c4 {[%clk 0:58:54]} dxc4 {[%clk
0:58:56]} 8. Bxc4 {[%clk 0:58:39]} h6 {[%clk 0:58:53]} 9. b3 {[%clk 0:57:36]}
Nb4 {[%clk 0:58:26]} 10. Bb2 {[%clk 0:55:38]} Nbd5 {[%clk 0:58:16]} 11. Re1
{[%clk 0:53:56]} O-O {[%clk 0:58:11]} 12. Nbd2 {[%clk 0:51:19]} Bf5 {[%clk
0:56:14]} 13. Rc1 {[%clk 0:47:34]} c6 {[%clk 0:55:58]} 14. Ne5 {[%clk 0:45:22]}
a5 {[%clk 0:42:02]} 15. a3 {[%clk 0:42:19]} Bh7 {[%clk 0:33:31]} 16. Bxd5
{[%clk 0:34:48]} Nxd5 {[%clk 0:32:12]} 17. Ndc4 {[%clk 0:33:59]} Bxe5 {[%clk
0:29:46]} 18. dxe5 {[%clk 0:32:29]} Qg5 {[%clk 0:26:15]} 19. Qf3 {[%clk
0:28:35]} Nf4 {[%clk 0:25:30]} 20. Rcd1 {[%clk 0:27:35]} Bf5 {[%clk 0:23:59]}
21. Bc1 {[%clk 0:26:11]} Nh3+ {[%clk 0:20:42]} 22. Qxh3 {[%clk 0:25:26]} Qg6
{[%clk 0:15:52]} 23. Qg3 {[%clk 0:23:20]} Qxg3 {[%clk 0:15:46]} 24. hxg3 {[%clk
0:23:12]} Bc2 {[%clk 0:15:32]} 25. Rd7 {[%clk 0:21:54]} Bxb3 {[%clk 0:14:51]}
26. Nb6 {[%clk 0:21:28]} Rab8 {[%clk 0:14:44]} 27. Bf4 {[%clk 0:19:55]} g5
{[%clk 0:14:40]} 28. Bd2 {[%clk 0:18:55]} a4 {[%clk 0:14:32]} 29. Rd3 {[%clk
0:17:14]} Rbd8 {[%clk 0:14:10]} 30. Rxd8 {[%clk 0:14:31]} Rxd8 {[%clk 0:13:49]}
31. Bb4 {[%clk 0:14:04]} Kg7 {[%clk 0:12:52]} 32. Re2 {[%clk 0:13:11]} Kg6
{[%clk 0:12:03]} 33. Rd2 {[%clk 0:12:59]} Rxd2 {[%clk 0:11:53]} 34. Bxd2 {[%clk
0:12:54]} Kf5 {[%clk 0:11:38]} 35. Bc3 {[%clk 0:12:31]} Ke4 {[%clk 0:11:32]}
36. Kf1 {[%clk 0:12:06]} Kd3 {[%clk 0:11:27]} 37. Bb4 {[%clk 0:11:44]} Ke4
{[%clk 0:10:57]} 38. Bd6 {[%clk 0:11:18]} Kd4 {[%clk 0:10:30]} 39. Nd7 {[%clk
0:10:50]} b6 {[%clk 0:09:54]} 40. Nxb6 {[%clk 0:10:17]} c5 {[%clk 0:09:49]} 41.
Ke1 {[%clk 0:09:57]} c4 {[%clk 0:09:42]} 42. Kd2 {[%clk 0:09:33]} c3+ {[%clk
0:09:29]} 43. Kc1 {[%clk 0:09:18]} Kd3 {[%clk 0:09:18]} 44. Bb4 {[%clk
0:08:18]} c2 {[%clk 0:09:07]} 45. Bf8 {[%clk 0:07:38]} Ke2 {[%clk 0:08:44]} 46.
Bxh6 {[%clk 0:07:28]} Kxf2 {[%clk 0:08:26]} 47. Bxg5 {[%clk 0:07:21]} Kxg3
{[%clk 0:08:21]} 48. Nd7 {[%clk 0:07:02]} Bd5 {[%clk 0:07:12]} 49. Kxc2 {[%clk
0:06:49]} Kxg2 {[%clk 0:06:54]} 50. Kc3 {[%clk 0:06:36]} Kf3 {[%clk 0:06:14]}
51. Nc5 {[%clk 0:06:21]} 1-0

[Event "DVM U10 2017"]
[Site "Magdeburg GER"]
[Date "2017.12.28"]
[Round "5"]
[White "Zielke, Ansgar"]
[Black "Eichhorn, Valentin"]
[Result "1-0"]
[Termination "normal"]
[Board "1.2"]
[WhiteElo "1550"]
[BlackElo "1720"]
[WhiteClock "00:24:20"]
[BlackClock "00:17:10"]
[WhiteTeam "SC Borussia 1920 Friedrichsfelde"]
[BlackTeam "Karlsruher SF 1"]
[PlyCount "87"]
[WhiteFideId "16244800"]
[BlackFideId "16239032"]
[EventCountry "GER"]
[EventRounds "7"]
[EventType "team-swiss"]
[EventDate "2017.12.27"]

1. d4 {[%clk 0:59:58]} d5 {[%clk 0:59:55]} 2. c4 {[%clk 0:59:53]} e6 {[%clk
0:59:50]} 3. Nc3 {[%clk 0:59:49]} Nf6 {[%clk 0:59:44]} 4. Bg5 {[%clk 0:59:44]}
Nbd7 {[%clk 0:59:36]} 5. e3 {[%clk 0:59:36]} Be7 {[%clk 0:59:25]} 6. Qc2 {[%clk
0:59:30]} c6 {[%clk 0:58:08]} 7. Bd3 {[%clk 0:57:39]} h6 {[%clk 0:57:43]} 8.
Bh4 {[%clk 0:57:35]} O-O {[%clk 0:56:38]} 9. e4 {[%clk 0:56:24]} dxe4 {[%clk
0:54:52]} 10. Nxe4 {[%clk 0:56:16]} Nxe4 {[%clk 0:54:35]} 11. Bxe7 {[%clk
0:56:08]} Qxe7 {[%clk 0:54:19]} 12. Bxe4 {[%clk 0:56:02]} Nb6 {[%clk 0:52:07]}
13. c5 {[%clk 0:55:11]} Nd5 {[%clk 0:51:41]} 14. Nf3 {[%clk 0:54:57]} Re8
{[%clk 0:49:57]} 15. O-O {[%clk 0:54:25]} Qf6 {[%clk 0:48:42]} 16. Rad1 {[%clk
0:50:32]} Bd7 {[%clk 0:47:05]} 17. Ne5 {[%clk 0:49:59]} Rad8 {[%clk 0:46:00]}
18. Rfe1 {[%clk 0:46:21]} Nf4 {[%clk 0:44:10]} 19. g3 {[%clk 0:41:05]} Nd5
{[%clk 0:42:06]} 20. Qa4 {[%clk 0:40:21]} a6 {[%clk 0:41:02]} 21. Kg2 {[%clk
0:37:15]} Bc8 {[%clk 0:39:15]} 22. f4 {[%clk 0:35:38]} Kf8 {[%clk 0:35:51]} 23.
Qb3 {[%clk 0:31:53]} Kg8 {[%clk 0:34:17]} 24. Qf3 {[%clk 0:31:04]} Re7 {[%clk
0:30:42]} 25. Ng4 {[%clk 0:30:06]} Qg6 {[%clk 0:29:46]} 26. Bxg6 {[%clk
0:29:56]} fxg6 {[%clk 0:29:41]} 27. Ne5 {[%clk 0:29:32]} Rde8 28. Nxg6 {[%clk
0:29:14]} Rf7 {[%clk 0:25:31]} 29. Ne5 {[%clk 0:29:09]} Rf5 {[%clk 0:25:08]}
30. Nc4 {[%clk 0:28:39]} Re7 {[%clk 0:24:08]} 31. Nd6 {[%clk 0:28:32]} Rf8
{[%clk 0:23:44]} 32. Re5 {[%clk 0:28:22]} Kh8 {[%clk 0:22:28]} 33. Rde1 {[%clk
0:28:02]} Kg8 {[%clk 0:21:20]} 34. Nxc8 {[%clk 0:27:49]} Rxc8 35. Rxe6 {[%clk
0:27:42]} Rcc7 {[%clk 0:19:59]} 36. Rxe7 {[%clk 0:27:30]} Nxe7 {[%clk 0:19:54]}
37. f5 {[%clk 0:26:33]} Nd5 {[%clk 0:19:20]} 38. g4 {[%clk 0:26:11]} Kf7 {[%clk
0:19:03]} 39. Re5 {[%clk 0:25:55]} Rd7 {[%clk 0:18:31]} 40. h4 {[%clk 0:25:34]}
Kf6 {[%clk 0:17:52]} 41. g5+ {[%clk 0:24:32]} hxg5 {[%clk 0:17:39]} 42. hxg5+
{[%clk 0:24:27]} Kxg5 {[%clk 0:17:17]} 43. Qg3+ {[%clk 0:24:20]} Kf6 {[%clk
0:17:10]} 44. Qg6# 1-0

[Event "DVM U10 2017"]
[Site "Magdeburg GER"]
[Date "2017.12.28"]
[Round "5"]
[White "Kiefhaber, Tobias"]
[Black "Ermitsch, Magnus"]
[Result "1/2-1/2"]
[Termination "normal"]
[Board "1.3"]
[WhiteElo "1370"]
[BlackElo "1466"]
[WhiteClock "00:36:15"]
[BlackClock "00:37:09"]
[WhiteTeam "Karlsruher SF 1"]
[BlackTeam "SC Borussia 1920 Friedrichsfelde"]
[PlyCount "47"]
[WhiteFideId "16240693"]
[BlackFideId "16234464"]
[EventCountry "GER"]
[EventRounds "7"]
[EventType "team-swiss"]
[EventDate "2017.12.27"]

1. d4 Nf6 {[%clk 0:58:53]} 2. Nf3 {[%clk 0:59:41]} e6 {[%clk 0:58:33]} 3. Bg5
{[%clk 0:59:20]} h6 {[%clk 0:58:17]} 4. Bh4 {[%clk 0:58:55]} Nc6 {[%clk
0:57:54]} 5. e3 {[%clk 0:58:42]} b6 {[%clk 0:57:39]} 6. Bd3 {[%clk 0:58:25]}
Bb7 {[%clk 0:56:13]} 7. O-O {[%clk 0:57:24]} Be7 {[%clk 0:55:52]} 8. Nbd2
{[%clk 0:56:47]} O-O {[%clk 0:55:20]} 9. Re1 {[%clk 0:55:35]} d6 {[%clk
0:52:48]} 10. c4 {[%clk 0:53:27]} Nb4 {[%clk 0:51:46]} 11. Bb1 {[%clk 0:51:20]}
c5 {[%clk 0:51:25]} 12. a3 Nc6 {[%clk 0:50:25]} 13. Nb3 {[%clk 0:48:30]} d5
{[%clk 0:48:22]} 14. Qc2 {[%clk 0:47:27]} Ne4 {[%clk 0:47:42]} 15. Bxe7 {[%clk
0:46:25]} Qxe7 {[%clk 0:47:26]} 16. Nbd2 {[%clk 0:45:00]} f5 {[%clk 0:46:36]}
17. Ba2 {[%clk 0:44:14]} Qd6 {[%clk 0:44:38]} 18. cxd5 {[%clk 0:43:54]} exd5
{[%clk 0:44:18]} 19. Nxe4 {[%clk 0:43:28]} fxe4 {[%clk 0:44:09]} 20. Qxe4
{[%clk 0:43:08]} c4 {[%clk 0:43:19]} 21. Qg4 {[%clk 0:40:55]} Rf6 {[%clk
0:41:56]} 22. e4 {[%clk 0:38:53]} Rf4 {[%clk 0:39:44]} 23. Qg3 {[%clk 0:38:29]}
Raf8 {[%clk 0:37:09]} 24. exd5 {[%clk 0:36:15]} 1/2-1/2

[Event "DVM U10 2017"]
[Site "Magdeburg GER"]
[Date "2017.12.28"]
[Round "5"]
[White "Zobel, Christian Erik"]
[Black "Fischer, Darja"]
[Result "1-0"]
[Termination "normal"]
[Board "1.4"]
[WhiteElo "1332"]
[BlackElo "1182"]
[WhiteClock "00:30:13"]
[BlackClock "00:12:18"]
[WhiteTeam "SC Borussia 1920 Friedrichsfelde"]
[BlackTeam "Karlsruher SF 1"]
[PlyCount "75"]
[WhiteFideId "16259068"]
[BlackFideId "16240898"]
[EventCountry "GER"]
[EventRounds "7"]
[EventType "team-swiss"]
[EventDate "2017.12.27"]

1. e4 {[%clk 0:59:59]} c6 {[%clk 0:59:56]} 2. Nf3 {[%clk 0:59:45]} d5 {[%clk
0:59:51]} 3. d3 {[%clk 0:59:40]} Bg4 {[%clk 0:58:11]} 4. h3 {[%clk 0:59:26]}
Bh5 {[%clk 0:58:08]} 5. Nc3 {[%clk 0:59:14]} e6 {[%clk 0:57:51]} 6. Bf4 {[%clk
0:57:56]} Bc5 {[%clk 0:54:33]} 7. Be2 {[%clk 0:55:18]} Ne7 {[%clk 0:51:12]} 8.
a3 {[%clk 0:52:54]} O-O {[%clk 0:49:56]} 9. Qd2 {[%clk 0:52:01]} Nd7 {[%clk
0:48:08]} 10. O-O-O {[%clk 0:51:28]} Bxf2 {[%clk 0:42:53]} 11. d4 {[%clk
0:50:49]} c5 {[%clk 0:42:49]} 12. Nb5 {[%clk 0:46:32]} dxe4 {[%clk 0:40:12]}
13. Ng5 {[%clk 0:42:56]} Bxe2 {[%clk 0:36:59]} 14. Qxe2 {[%clk 0:42:34]} Bxd4
{[%clk 0:36:39]} 15. Nxd4 {[%clk 0:42:08]} cxd4 {[%clk 0:36:34]} 16. Rxd4
{[%clk 0:41:56]} h6 {[%clk 0:31:21]} 17. Nxe4 {[%clk 0:41:40]} Rc8 {[%clk
0:29:37]} 18. Nd6 {[%clk 0:41:03]} Nf5 {[%clk 0:27:38]} 19. Rd2 {[%clk
0:39:47]} Nxd6 {[%clk 0:27:31]} 20. Rxd6 {[%clk 0:38:50]} Re8 {[%clk 0:26:30]}
21. Rhd1 {[%clk 0:38:34]} Re7 {[%clk 0:26:05]} 22. Qd2 {[%clk 0:37:52]} e5
{[%clk 0:24:42]} 23. Be3 {[%clk 0:36:52]} Rc7 {[%clk 0:22:04]} 24. Bxa7 {[%clk
0:36:40]} Qa8 {[%clk 0:21:54]} 25. Be3 {[%clk 0:36:12]} Qc8 {[%clk 0:21:23]}
26. c3 {[%clk 0:35:14]} Nf8 {[%clk 0:18:30]} 27. Rd8 {[%clk 0:33:22]} Qe6
{[%clk 0:18:02]} 28. Rxf8+ {[%clk 0:32:43]} Kxf8 {[%clk 0:17:27]} 29. Qd8+
{[%clk 0:32:35]} Re8 {[%clk 0:16:54]} 30. Qxc7 {[%clk 0:32:27]} Qe7 {[%clk
0:16:20]} 31. Bc5 {[%clk 0:32:11]} Qxc5 {[%clk 0:14:42]} 32. Qxc5+ {[%clk
0:32:04]} Kg8 {[%clk 0:14:37]} 33. Rd7 {[%clk 0:31:36]} e4 {[%clk 0:14:22]} 34.
Qf2 {[%clk 0:31:16]} f6 {[%clk 0:13:56]} 35. Qg3 {[%clk 0:31:04]} g5 {[%clk
0:13:35]} 36. Qd6 {[%clk 0:30:51]} Rf8 {[%clk 0:12:31]} 37. Qe6+ {[%clk
0:30:18]} Kh8 {[%clk 0:12:18]} 38. Qe7 {[%clk 0:30:13]} 1-0

[Event "DVM U10 2017"]
[Site "Magdeburg GER"]
[Date "2017.12.28"]
[Round "5"]
[White "Pietsch, Johann"]
[Black "Zhou, Lepu Coco"]
[Result "1-0"]
[Termination "normal"]
[Board "2.1"]
[WhiteElo "1557"]
[BlackElo "1559"]
[WhiteClock "00:04:28"]
[BlackClock "00:00:38"]
[WhiteTeam "SV Roter Turm Halle 1"]
[BlackTeam "Schachpinguine Berlin 1"]
[PlyCount "82"]
[WhiteFideId "12987000"]
[BlackFideId "16217136"]
[EventCountry "GER"]
[EventRounds "7"]
[EventType "team-swiss"]
[EventDate "2017.12.27"]

1. e4 {[%clk 0:59:56]} e5 {[%clk 0:59:53]} 2. Nf3 {[%clk 0:59:53]} Nc6 {[%clk
0:59:44]} 3. Bc4 {[%clk 0:59:48]} Nf6 {[%clk 0:59:31]} 4. Nc3 {[%clk 0:59:41]}
Nxe4 {[%clk 0:59:22]} 5. Nxe4 {[%clk 0:59:37]} d5 {[%clk 0:59:11]} 6. Bd3
{[%clk 0:59:12]} Nb4 {[%clk 0:56:23]} 7. Nc3 {[%clk 0:59:07]} e4 {[%clk
0:54:52]} 8. Bxe4 {[%clk 0:59:01]} dxe4 {[%clk 0:54:12]} 9. Nxe4 {[%clk
0:57:15]} Bf5 {[%clk 0:51:54]} 10. d3 {[%clk 0:54:08]} Qe7 {[%clk 0:50:29]} 11.
Qe2 {[%clk 0:52:57]} O-O-O {[%clk 0:49:54]} 12. a3 Nd5 {[%clk 0:48:47]} 13. O-O
{[%clk 0:47:28]} Bg4 {[%clk 0:46:56]} 14. c4 {[%clk 0:45:01]} Nf6 {[%clk
0:44:51]} 15. Bg5 {[%clk 0:44:30]} h6 {[%clk 0:43:38]} 16. Bxf6 {[%clk
0:43:55]} gxf6 {[%clk 0:43:29]} 17. Rfe1 {[%clk 0:42:22]} f5 {[%clk 0:42:27]}
18. Ng3 {[%clk 0:41:30]} Qxe2 {[%clk 0:42:18]} 19. Rxe2 {[%clk 0:41:02]} f4
{[%clk 0:38:48]} 20. Ne4 {[%clk 0:40:06]} Rxd3 {[%clk 0:38:00]} 21. Rae1 {[%clk
0:35:26]} Be7 {[%clk 0:29:51]} 22. Rd2 {[%clk 0:33:54]} Rxd2 {[%clk 0:27:43]}
23. Nfxd2 {[%clk 0:33:10]} f5 24. Nc3 {[%clk 0:32:14]} Bh4 {[%clk 0:22:17]} 25.
g3 {[%clk 0:31:16]} fxg3 {[%clk 0:21:30]} 26. fxg3 {[%clk 0:30:55]} Bg5 {[%clk
0:20:59]} 27. Nb3 {[%clk 0:30:06]} b6 {[%clk 0:17:35]} 28. Kg2 {[%clk 0:28:59]}
Kd8 {[%clk 0:16:33]} 29. h4 {[%clk 0:25:20]} Bf6 {[%clk 0:15:26]} 30. Re6
{[%clk 0:23:18]} Bg7 {[%clk 0:10:45]} 31. c5 Kd7 {[%clk 0:08:35]} 32. Re3
{[%clk 0:17:20]} Rg8 {[%clk 0:04:33]} 33. cxb6 {[%clk 0:14:42]} cxb6 {[%clk
0:04:21]} 34. Nd2 {[%clk 0:13:00]} f4 {[%clk 0:02:57]} 35. gxf4 {[%clk
0:10:34]} Bf6 {[%clk 0:02:21]} 36. Nf3 {[%clk 0:07:18]} Bf5+ {[%clk 0:01:14]}
37. Kh2 {[%clk 0:05:41]} Rg4 {[%clk 0:00:48]} 38. Ne5+ {[%clk 0:04:38]} Bxe5
{[%clk 0:00:45]} 39. Rxe5 {[%clk 0:04:36]} Rxh4+ {[%clk 0:00:41]} 40. Kg3
{[%clk 0:04:34]} Rg4+ {[%clk 0:00:38]} 41. Kf3 {[%clk 0:04:28]} Be6 1-0

[Event "DVM U10 2017"]
[Site "Magdeburg GER"]
[Date "2017.12.28"]
[Round "5"]
[White "Jouani, Zakharia"]
[Black "Kageler, Anton Paul"]
[Result "0-1"]
[Termination "normal"]
[Board "2.2"]
[WhiteElo "1231"]
[BlackElo "1395"]
[WhiteClock "00:23:38"]
[BlackClock "00:18:53"]
[WhiteTeam "Schachpinguine Berlin 1"]
[BlackTeam "SV Roter Turm Halle 1"]
[PlyCount "76"]
[WhiteFideId "16206746"]
[BlackFideId "16244850"]
[EventCountry "GER"]
[EventRounds "7"]
[EventType "team-swiss"]
[EventDate "2017.12.27"]

1. e4 {[%clk 0:59:57]} c5 {[%clk 0:59:55]} 2. d4 {[%clk 0:59:52]} cxd4 {[%clk
0:59:46]} 3. c3 {[%clk 0:59:48]} d6 {[%clk 0:59:09]} 4. cxd4 {[%clk 0:59:31]}
Nf6 {[%clk 0:58:46]} 5. Nc3 {[%clk 0:59:18]} g6 {[%clk 0:58:05]} 6. e5 {[%clk
0:58:51]} dxe5 {[%clk 0:57:51]} 7. dxe5 {[%clk 0:58:40]} Qxd1+ {[%clk 0:57:17]}
8. Nxd1 {[%clk 0:58:32]} Nd5 {[%clk 0:57:01]} 9. Bb5+ {[%clk 0:58:00]} Bd7
{[%clk 0:56:35]} 10. Bxd7+ {[%clk 0:57:19]} Nxd7 {[%clk 0:56:22]} 11. Nf3
{[%clk 0:56:58]} Bg7 {[%clk 0:56:08]} 12. e6 {[%clk 0:56:06]} fxe6 {[%clk
0:55:50]} 13. O-O {[%clk 0:55:57]} O-O {[%clk 0:55:37]} 14. Ng5 {[%clk
0:54:56]} Rf6 {[%clk 0:47:35]} 15. Nc3 {[%clk 0:54:03]} Nxc3 {[%clk 0:45:12]}
16. bxc3 {[%clk 0:53:57]} Rc8 {[%clk 0:43:29]} 17. Rd1 {[%clk 0:53:16]} Nb6
{[%clk 0:42:58]} 18. Rb1 {[%clk 0:51:53]} h6 {[%clk 0:40:50]} 19. Nf3 {[%clk
0:51:19]} Rff8 {[%clk 0:40:33]} 20. Ba3 {[%clk 0:50:23]} Bf6 {[%clk 0:38:46]}
21. Rb3 {[%clk 0:49:01]} Kf7 {[%clk 0:36:46]} 22. Rc1 {[%clk 0:44:43]} Rc7
{[%clk 0:35:04]} 23. Nd2 {[%clk 0:41:00]} Rfc8 {[%clk 0:33:08]} 24. Ne4 {[%clk
0:40:42]} Bg7 {[%clk 0:32:28]} 25. f3 {[%clk 0:38:18]} Nc4 {[%clk 0:27:13]} 26.
Bb4 {[%clk 0:36:06]} a5 {[%clk 0:26:54]} 27. Ba3 {[%clk 0:35:13]} Nxa3 {[%clk
0:26:28]} 28. Rxa3 {[%clk 0:35:01]} b6 {[%clk 0:26:13]} 29. Rb3 {[%clk
0:33:53]} Bd4+ {[%clk 0:24:40]} 30. Kh1 {[%clk 0:32:51]} a4 {[%clk 0:24:00]}
31. Ra3 {[%clk 0:30:55]} b5 {[%clk 0:23:45]} 32. Rc2 {[%clk 0:29:29]} b4 {[%clk
0:19:51]} 33. Rxa4 {[%clk 0:29:21]} Bxc3 {[%clk 0:19:40]} 34. Nxc3 {[%clk
0:26:14]} Rxc3 {[%clk 0:19:18]} 35. Rxc3 {[%clk 0:24:49]} bxc3 {[%clk 0:19:13]}
36. Re4 {[%clk 0:23:56]} c2 {[%clk 0:19:02]} 37. Re1 {[%clk 0:23:47]} c1=Q
{[%clk 0:18:57]} 38. Rxc1 {[%clk 0:23:38]} Rxc1# {[%clk 0:18:53]} 0-1

[Event "DVM U10 2017"]
[Site "Magdeburg GER"]
[Date "2017.12.28"]
[Round "5"]
[White "Rosenhain, Jonathan"]
[Black "Wähler, Joris"]
[Result "1-0"]
[Termination "normal"]
[Board "2.4"]
[WhiteElo "1199"]
[BlackElo "1049"]
[WhiteClock "00:37:14"]
[BlackClock "00:26:15"]
[WhiteTeam "Schachpinguine Berlin 1"]
[BlackTeam "SV Roter Turm Halle 1"]
[PlyCount "81"]
[WhiteFideId "16212169"]
[BlackFideId "16299388"]
[EventCountry "GER"]
[EventRounds "7"]
[EventType "team-swiss"]
[EventDate "2017.12.27"]

1. e4 {[%clk 0:59:58]} c6 {[%clk 0:59:55]} 2. d4 {[%clk 0:59:33]} d5 {[%clk
0:59:50]} 3. exd5 {[%clk 0:59:19]} cxd5 {[%clk 0:59:45]} 4. Nc3 {[%clk
0:59:11]} Nf6 {[%clk 0:59:39]} 5. Nf3 {[%clk 0:59:06]} Nc6 {[%clk 0:59:22]} 6.
Bb5 {[%clk 0:58:55]} Bg4 {[%clk 0:59:02]} 7. Bf4 {[%clk 0:58:36]} g6 {[%clk
0:57:31]} 8. h3 {[%clk 0:58:08]} Bxf3 {[%clk 0:57:04]} 9. Qxf3 {[%clk 0:58:00]}
Bg7 {[%clk 0:56:55]} 10. O-O {[%clk 0:57:50]} O-O {[%clk 0:56:40]} 11. Rad1
{[%clk 0:57:14]} Nh5 {[%clk 0:55:23]} 12. Be3 {[%clk 0:56:51]} e5 {[%clk
0:53:57]} 13. dxe5 {[%clk 0:55:39]} Nxe5 {[%clk 0:53:22]} 14. Qxd5 {[%clk
0:55:22]} Qxd5 {[%clk 0:51:44]} 15. Rxd5 {[%clk 0:54:14]} a6 {[%clk 0:49:50]}
16. Be2 {[%clk 0:53:19]} Rfe8 {[%clk 0:48:34]} 17. Rfd1 {[%clk 0:52:27]} Nc4
{[%clk 0:47:34]} 18. Bxc4 {[%clk 0:51:49]} Nf6 {[%clk 0:46:29]} 19. R5d2 {[%clk
0:50:33]} Rac8 {[%clk 0:45:25]} 20. Bb3 {[%clk 0:50:03]} b5 {[%clk 0:40:10]}
21. Bd4 {[%clk 0:48:55]} b4 {[%clk 0:39:35]} 22. Ne2 {[%clk 0:48:24]} Ne4
{[%clk 0:38:48]} 23. Rd3 {[%clk 0:47:38]} Bxd4 {[%clk 0:38:21]} 24. Rxd4 {[%clk
0:46:24]} Nc5 {[%clk 0:37:41]} 25. Ng3 {[%clk 0:45:08]} Ne6 {[%clk 0:36:05]}
26. Bxe6 {[%clk 0:44:12]} Rxe6 {[%clk 0:35:22]} 27. Rd8+ {[%clk 0:43:55]} Rxd8
{[%clk 0:35:11]} 28. Rxd8+ {[%clk 0:43:48]} Kg7 {[%clk 0:35:08]} 29. Rb8 {[%clk
0:43:11]} Rc6 {[%clk 0:32:57]} 30. Rxb4 {[%clk 0:42:39]} Rxc2 {[%clk 0:31:54]}
31. Rb6 {[%clk 0:42:18]} Rc1+ {[%clk 0:31:09]} 32. Kh2 {[%clk 0:42:00]} Rc2
{[%clk 0:30:50]} 33. Ne4 {[%clk 0:40:47]} f5 {[%clk 0:29:45]} 34. Nc3 {[%clk
0:39:50]} Rxf2 {[%clk 0:29:29]} 35. a4 {[%clk 0:39:40]} Kh6 {[%clk 0:28:56]}
36. Kg3 {[%clk 0:39:20]} Rf1 {[%clk 0:28:11]} 37. Rxa6 {[%clk 0:39:03]} f4+
{[%clk 0:27:54]} 38. Kg4 {[%clk 0:38:39]} f3 {[%clk 0:26:15]} 39. Kg3 {[%clk
0:37:14]} f2 40. Kf3 Rb1 41. Kg4 1-0